[Event "Mecklenburg VP-ch U16"]
[Site "Malchow"]
[Date "2011.02.05"]
[Round "2.8"]
[White "Eggert, Andre"]
[Black "Fechner, Robert"]
[Result "0-1"]
[WhiteElo "1509"]
[BlackElo "1164"]
[PlyCount "100"]
[EventDate "2011.02.05"]
[EventType "swiss"]
[EventRounds "7"]
[EventCountry "GER"]
[SourceTitle "EXT 2022"]
[Source "ChessBase"]
[SourceDate "2021.10.06"]
[SourceVersion "1"]
[SourceVersionDate "2021.10.06"]
[SourceQuality "1"]

1. c4 e5 2. Nc3 Bc5 3. g3 d6 4. Bg2 c6 5. Nf3 Be6 6. b3 Nf6 7. 0-0 h6 8. e3 Qd7 9. d4 exd4 10. exd4 Bb6 11. Re1 0-0 12. Ba3 c5 13. dxc5 dxc5 14. Qxd7 Nbxd7 15. Ne5 Ba5 16. Rac1 Rab8 17. Re3 b6 18. Nc6 Bxc3 19. Rexc3 Rbe8 20. Nxa7 Ne5 21. Bb2 Bf5 22. Re3 Nfg4 23. Re2 Nd3 24. Rxe8 Rxe8 25. Rc2 Nb4 26. Rd2 Re1+ 27. Bf1 Bd3 28. f3 Rxf1+ 29. Kg2 Ne3+ 30. Kh3 Bf5+ 31. Kh4 Rxf3 32. Nb5 Be6 33. Nd6 Nf5+ 34. Nxf5 Rxf5 35. a3 Nc6 36. Rd6 Ne7 37. Rxb6 Ng6+ 38. Kg4 Rf2+ 39. Kh5 Rxb2 40. h4 Re2 41. Rxe6 Rxe6 42. b4 cxb4 43. axb4 Re4 44. g4 Rxc4 45. b5 Rb4 46. b6 Rxb6 47. g5 hxg5 48. hxg5 Kh7 49. Kg4 Rb4+ 50. Kg3 Ne5 0-1